The metaphysical sword /

Bibliographic Details
Main Author: Ingalls, Jeremy, 1911-2000
Format: Book
Language:English
Published: [New York] : [AMS Press], [1971]
Edition:[1st AMS ed.]
Series:Yale series of younger poets ; v. 40.

MARC

Tag First Indicator Second Indicator Subfields
LEADER 00000cam a2200000 4500
001 in00000487596
005 20151013055147.0
008 720621r19711941nyu 00000 eng
010 |a  76144747  
020 |a 0404538401 
035 |a (OCoLC)00357456 
035 |9 ACC4687AM 
040 |a DLC  |c DLC  |d TXA  |d UtOrBLW 
049 |a TXAM  |c [1532472] 
050 0 0 |a PS3517.N25  |b M4 1971 
082 0 |a 811/.5/2 
100 1 |a Ingalls, Jeremy,  |d 1911-2000. 
245 1 4 |a The metaphysical sword /  |c With a foreword by Stephen Vincent Benet. 
250 |a [1st AMS ed.]  |b New Haven, Yale University Press, 1941. 
264 1 |a [New York] :  |b [AMS Press],  |c [1971] 
300 |a 80 pages ;  |c 22 cm. 
336 |a text  |b txt  |2 rdacontent 
337 |a unmediated  |b n  |2 rdamedia 
338 |a volume  |b nc  |2 rdacarrier 
500 |a Original edition issued as volume 40 of the Yale series of younger poets. 
830 0 |a Yale series of younger poets ;  |v v. 40. 
999 |a MARS 
999 f f |s acabde49-ab1b-3198-979a-feec2c4598b6  |i 015b3580-8faf-3f57-bee4-7a70ba654d1b  |t 0 
952 f f |p ric  |a Texas A&M University  |b Rellis Campus  |c Joint Library Facility  |d Remote Storage  |t 0  |e PS3517.N25 M4 1971  |h Library of Congress classification  |i unmediated -- volume  |m A14804093620 
998 f f |a PS3517.N25 M4 1971  |t 0  |l Remote Storage